Word Ladder: Savor the Flavor Quiz Stats

 Plays Quiz Updated Nov 23, 2015

Challenge
Share
Tweet
Embed
Score 0/34 Timer 04:00
0 Plays Today
Clue 4-Letter Rung % Correct
Not hearingDEAF
94.8%
Kitchen staple seasoningSALT
94.2%
College headDEAN
94.1%
Penn or Connery, e.g.SEAN
94.1%
Herb often used in picklingDILL
93.8%
Raggedy Ann, e.g.DOLL
93.8%
Shopper's delightSALE
93.1%
Not spicyMILD
92.3%
Pocket fuzzLINT
91.7%
Textile factoryMILL
91.6%
Chair supportsLEGS
91.3%
Bouquet garni seasoning: Bay _____LEAF
89.6%
Herb often paired with lambMINT
89.6%
Postal deliveryMAIL
89.4%
Falls behindLAGS
89.2%
Bicycle partSEAT
88.8%
Potting needSOIL
88.7%
Clue 4-Letter Rung % Correct
River depositSILT
88.6%
Loses firmnessSAGS
86.1%
Herb used in saltimboccaSAGE
85.9%
Schooner featureSAIL
85.6%
Happy tuneLILT
84.2%
Grazing groundsLEAS
83.8%
Be offended byMIND
83.7%
Motown genreSOUL
82.9%
Go sky-highSOAR
81%
Lip-puckeringSOUR
79%
Sushi offeringROLL
75.1%
Playbill listingROLE
71.9%
Five-spice herb: _____ aniseSTAR
70.5%
ASAPSTAT
69%
With last rung, an Italian herbROSE
33.5%
Fertile earthMARL
31.9%
With first rung, an Italian herbMARY
31.1%

Today's Daily Dose

You're not logged in!

Compare scores with friends on all Sporcle quizzes.
Join for Free
OR
Log In

You Might Also Like...

Show Comments

Extras

Top Quizzes Today


Score Distribution

Your Account Isn't Verified!

In order to create a playlist on Sporcle, you need to verify the email address you used during registration. Go to your Sporcle Settings to finish the process.

Report this User

Report this user for behavior that violates our Community Guidelines.

Details: